000 00490nam a2200193 a 4500
001 1758522272663
003 ACL
005 20250922115631.0
008 250922s2001##################000#0#eng##
020 _a9780736037761
082 0 4 _a796.01
_bKEL
100 1 _aKellmann, Michael,
_eauthor.
245 1 0 _aRecovery-stress Questionnaire for Athletes :
260 _bHuman Kinetics,
_c2001.
300 _a136 pages
650 0 _aEducation.
942 _cENGLISH
040 _aACL
_beng
_cACL
999 _c588746
_d588746